| 000 | 00434nam a2200205Ia 4500 | ||
|---|---|---|---|
| 001 | 004255 | ||
| 003 | YMCAF | ||
| 005 | 20230512160254.0 | ||
| 008 | 100717s1973 ||||||||||||||||| ||und|d | ||
| 024 | _a4255 | ||
| 035 | _a4254 | ||
| 040 |
_aYMCAF _beng _cIN-KoLT |
||
| 041 | _aeng | ||
| 082 | _aWEL-LI2 | ||
| 100 | _aLITTLE R.L. | ||
| 245 | 0 | _aWELDING AND WELDING TECHNOLOGY | |
| 260 | _c1973 | ||
| 300 | _a435 | ||
| 942 |
_2ddc _cBK |
||
| 999 |
_c3407 _d3407 |
||